| 000 | 00514nam a22001577a 4500 | ||
|---|---|---|---|
| 003 | NUST | ||
| 038 | _aNusrat Nadeem | ||
| 082 | _a200 | ||
| 100 |
_aKhan Ilam _9124280 |
||
| 245 |
_aPost-Conflict Rehabilitation of Ex-Combatants: An Analysis of Rehabilitation in Swat, Pakistan/ _cIlam Khan |
||
| 264 |
_aIslamabad; _bCIPS NUST; _c2020. |
||
| 300 |
_a171,p; _bill; _c30,cm. |
||
| 700 |
_aSupervisor Dr. Bakare Najimdeen _9124261 |
||
| 856 | _uhttp://10.250.8.41:8080/xmlui/handle/123456789/27734 | ||
| 942 |
_2ddc _cSC |
||
| 999 |
_c610184 _d610184 |
||